Colorado Wildlife by Picture - Statistics

General Stats
  • This quiz has been taken 62 times
  • The average score is 11 of 16
Answer Stats
Picture Answer % Correct
American Bison
98%
Black Bear
96%
Moose
93%
North American Beaver
93%
Elk
91%
Mountain Lion
91%
Porcupine
85%
*Bighorn Sheep
80%
Lynx
70%
Deer
61%
*Western Tiger Salamander
57%
Yellow-Bellied Marmot
50%
American Pika
39%
Red-Tailed Hawk
33%
*Greenback Cutthroat Trout
17%
*Lark Bunting
9%
No matching quizzes found
Score Distribution
Percent of People with Each Score
Percentile by Number Answered
Your Score History
You have not taken this quiz